000 00426nam a22001577a 4500
003 OSt
005 20140310182203.0
008 130903t xxu||||| |||| 00| 0 eng d
050 _aBS 239
_b.N559 1975
082 _aHS 225
_bN42 1975
245 _aNew testaments :
_cThe gideons. psalms
260 _aS.l :
_bThe Gideons International,
_cc1975.
300 _a280 p. :
_bill. :
_c20 cm.
942 _2lcc
_cHS
999 _c10266
_d10266